Noticias de familia /
সংরক্ষণ করুন:
| প্রধান লেখক: | |
|---|---|
| বিন্যাস: | অজ্ঞাত |
| ভাষা: | Spanish |
| প্রকাশিত: |
La Habana, Cuba :
Ediciones Unión,
c1989.
|
| মালা: | (Manjuarí. Poesía)
|
| বিষয়গুলি: | |
| ট্যাগগুলো: |
ট্যাগ যুক্ত করুন
কোনো ট্যাগ নেই, প্রথমজন হিসাবে ট্যাগ করুন!
|
MARC
| LEADER | 000000000a22000000004500 | ||
|---|---|---|---|
| 001 | 001800 | ||
| 041 | 0 | |a spa | |
| 082 | 0 | 4 | |a Cu861.44 |b S518n |
| 100 | 1 | |a Sexto Sánchez, Luis, |d 1945- | |
| 245 | 1 | 0 | |a Noticias de familia / |c Luis Sexto Sánchez. |
| 260 | 1 | |a La Habana, Cuba : |b Ediciones Unión, |c c1989. | |
| 300 | |a 59 páginas | ||
| 490 | 1 | |a (Manjuarí. Poesía) | |
| 650 | 4 | |a LITERATURA CUBANA | |
| 650 | 4 | |a POESIA | |
| 999 | |c 8464 |d 8464 | ||
| 942 | |c BK |h Cu861.44 S518n |2 z | ||
